Piłkarska kariera Ruuda Gullita. - Statystyki

Ogólne statystyki
  • Ten quiz został rozwiązany 61 razy
  • Średni wynik to 4 z 8
Statystyki odpowiedzi
Lata Drużyna % Poprawnych
1987-1993 Milan
90%
1994-1994 Milan
90%
1985-1987 PSV
70%
1995-1998 Chelsea
66%
1982-1985 Feyenoord
50%
1993-1994 Sampdoria
16%
1994-1995 Sampdoria
16%
1979-1982 Haarlem
8%
Nie znaleziono quizów pasujących do podanych kryteriów
Rozkład punktacji
Procent ludzi z każdym wynikiem
Percentyl według liczby udzielonych odpowiedzi
Twoja historia wyników
Nie rozwiązałeś tego quizu